The transparent self /

Bibliographic Details
Main Author: Jourard, Sidney M.
Format: Book
Language:English
Published: New York : Van Nostrand Reinhold, [1971]
Edition:Rev. ed.
Subjects:

MARC

Tag First Indicator Second Indicator Subfields
LEADER 00000cam a2200000 4500
001 in00000016738
005 20151007052841.0
008 710805s1971 nyua b 00110 eng
010 |a  72147389  
035 |a (OCoLC)00155641 
035 |9 AAA9434AM 
040 |a DLC  |c DLC  |d MCL  |d OCL  |d MQM  |d OCL  |d m/c  |d TXA  |d UtOrBLW 
049 |a TXAM  |c [A11049658] 
050 0 0 |a BF697  |b .J65 1971 
060 0 |a BF 697 J86t 1971 
082 0 |a 155.2 
100 1 |a Jourard, Sidney M. 
245 1 4 |a The transparent self /  |c [by] Sidney M. Jourard. 
250 |a Rev. ed. 
264 1 |a New York :  |b Van Nostrand Reinhold,  |c [1971] 
300 |a xiv, 250 pages :  |b illustrations ;  |c 21 cm. 
336 |a text  |b txt  |2 rdacontent 
337 |a unmediated  |b n  |2 rdamedia 
338 |a volume  |b nc  |2 rdacarrier 
504 |a Bibliography: pages 239-245. 
500 |a Includes indexes. 
650 0 |a Self-disclosure. 
650 0 |a Psychotherapy. 
999 |a MARS 
999 f f |s 0e77e404-7f79-397b-9efd-3c0059a15d1b  |i ff849b98-7c62-301a-a04a-77605ca63cab  |t 0 
952 f f |p normal  |a Texas A&M University  |b College Station  |c Sterling C. Evans Library  |d Evans: Library Stacks  |t 0  |e BF697 .J65 1971  |h Library of Congress classification  |i unmediated -- volume  |m A14811049658 
998 f f |a BF697 .J65 1971  |t 0  |l Evans: Library Stacks